LEADER 00784nam0-22003131i-450- 001 990007477020403321 005 20071012132137.0 010 $a88-365-1076-0 035 $a000747702 035 $aFED01000747702 035 $a(Aleph)000747702FED01 035 $a000747702 100 $a20030814d1997----km-y0itay50------ba 101 0 $aita 102 $aIT 105 $aa-------001yy 200 1 $aBretagna$fT.C.I. 210 $aMilano$cTCI$d©1997 215 $a436 p.$d23 cm 610 0 $aFrancia$aBretagna 610 0 $aFrancia$aGuide 710 12$aTouring club italiano$0492391 801 0$aIT$bUNINA$gRICA$2UNIMARC 901 $aBK 912 $a990007477020403321 952 $aA-EU 0083$bI.G.2117$fILFGE 959 $aILFGE 996 $aBretagna$9674756 997 $aUNINA LEADER 01364nam--2200397---450- 001 990006033260203316 005 20150430100513.0 035 $a000603326 035 $aUSA01000603326 035 $a(ALEPH)000603326USA01 035 $a000603326 100 $a20150429d--------km-y0itay50------ba 101 $aita 102 $aIT 105 $a||||||||001yy 200 1 $a<> testamento del prete Ariprando (1166)$enote sulla situazione dei milanesi dopo la distruzione della cittą$fAnnamaria Ambrosioni 210 $a[S.l]$c[s.n.]$d[s.d.] 215 $a116-131 p.$d24 cm 300 $aEstratto da: Archivio Ambrosiano, 21, Milano, 1971 607 0 $aMilano$xStoria$z1166$xFonti documentarie$2BNCF 676 $a945.21104 700 1$aAMBROSIONI,$bAnnamaria$0173878 801 0$aIT$bsalbc$gISBD 912 $a990006033260203316 951 $aFC.OE. 107$b160 FCil$cFC.OE.$d369797 959 $aBK 969 $aFCIL 979 $aGENEROSO$b90$c20150429$lUSA01$h1459 979 $aGENEROSO$b90$c20150429$lUSA01$h1507 979 $aGENEROSO$b90$c20150429$lUSA01$h1638 979 $aGENEROSO$b90$c20150430$lUSA01$h0953 979 $aGENEROSO$b90$c20150430$lUSA01$h1002 979 $aGENEROSO$b90$c20150430$lUSA01$h1002 979 $aGENEROSO$b90$c20150430$lUSA01$h1005 996 $aTestamento del prete Ariprando (1166$91075503 997 $aUNISA LEADER 00628nam a2200181Ia 4500 001 991004403493807536 008 251022s9999||||xx |||||||||||||| ||und|| 020 $a978-1349491957 082 $a792.01 245 0$aAdorno and performance /$cedited by Will Daddario and Karoline Gritzner 260 $aLondon :$bPalgrave Macmillan,$c2014 300 $aXVII, 244 p. ;$c22 cm 700 $aDaddario, Alexandra 700 $aGritzner, Karoline 852 $oLE001N-20257$hLE001 791.43 DAD$p2001000249275$g49,99$aLE001$mVM$t1$kloan$zLE001 B.C. 015 912 $a991004403493807536 996 $aAdorno and performance$94452335 997 $aUNISALENTO